Az ascorbinsav hatása a capillaris resistentiára
Elmentve itt :
| Szerző: | |
|---|---|
| Dokumentumtípus: | Könyv része |
| Megjelent: |
1937
|
| Sorozat: | Közlemények a szegedi kir. magy. Ferencz József-Tudományegyetem belgyógyászati klinikájáról
Közlemények a szegedi kir. magy. Ferencz József-Tudományegyetem belgyógyászati klinikájáról 1936-1937 |
| Kulcsszavak: | Aszkorbinsav, Érbetegség |
| Tárgyszavak: | |
| Online Access: | http://acta.bibl.u-szeged.hu/54159 |
| LEADER | 00876naa a2200205 i 4500 | ||
|---|---|---|---|
| 001 | acta54159 | ||
| 005 | 20220107081928.0 | ||
| 008 | 180612s1937 hu o 0|| hun d | ||
| 040 | |a SZTE Egyetemi Kiadványok Repozitórium |b hun | ||
| 041 | |a hun | ||
| 100 | 1 | |a Armentánó Lajos | |
| 245 | 1 | 3 | |a Az ascorbinsav hatása a capillaris resistentiára |h [elektronikus dokumentum] / |c Armentánó Lajos |
| 260 | |c 1937 | ||
| 300 | |a 1-11 | ||
| 490 | 0 | |a Közlemények a szegedi kir. magy. Ferencz József-Tudományegyetem belgyógyászati klinikájáról | |
| 490 | 0 | |a Közlemények a szegedi kir. magy. Ferencz József-Tudományegyetem belgyógyászati klinikájáról 1936-1937 | |
| 650 | 4 | |a Orvos- és egészségtudomány | |
| 650 | 4 | |a Klinikai orvostan | |
| 695 | |a Aszkorbinsav, Érbetegség | ||
| 856 | 4 | 0 | |u http://acta.bibl.u-szeged.hu/54159/1/kozl_belgy_36_37_001-011a.pdf |z Dokumentum-elérés |